Statistics for Premier League Sequences #1

Click here to take the quiz!

General Stats

  • This quiz has been taken 69 times
    (35 since last reset)
  • The average score is 4 of 10

Answer Stats

Answer% Correct
Bryan Robson, {Steve Bruce}, Tim Sherwood, Roy Keane, Tony AdamsPremier League-winning captains who have also managed in the division
75%
Peter Schmeichel, {Mark Bosnich}, Fabien Barthez, Tim Howard, Edwin van der Sar, David de GeaManchester United #1s
50%
Andy, Ashley, Carlton, Joe, {Larnell}Premier League Players with the surname Cole listed alphabetically by first name
50%
Wegerle, {Keane}, Carroll, O'Donovan, DrentheThe only Premier League players with the first name Roy(ston)
50%
Aston Villa, {Southampton}, Liverpool, Portsmouth, Tottenham Hotspur, Stoke City, BurnleyPeter Crouch's Premier League Clubs
25%
Brother, Eidos, {First Advice}, Thomas Cook, Etihad AirwaysManchester City Sponsors
25%
Ashley Cole, William Gallas, {Lassana Diarra}, Yossi Benayoun, Petr Čech, Olivier Giroud, David LuizPlayers to transfer directly between Arsenal and Chelsea
25%
Forest, The Robins, {The Tractor Boys}, The Trotters, Forest, The EaglesThe nicknames of the first six teams to be relegated from the Premier League in last place
25%
Swindon Town, Oldham Athletic, Bradford City, {Coventry City}, Portsmouth, BlackpoolClubs who have sunk to League Two after being relegated from the Premier League
25%
Kevin Betsy, Manucho, Frédéric Nimani, {Victor Wanyama}, Mesca, Modou Barrow, Bertrand TraoréAfricans who are the only ones to come from their respective country and play in the Premier League
25%

Score Distribution

Percentile by Number Answered

Percent of People with Each Score

Your Score History

You have not taken this quiz since the last reset